000 00679nam a2200229Ia 4500
003 GCL
008 140319s9999 xx 000 0 eng d
040 _aGCL /
_cGCL
082 0 4 _a392.1
_bM F
100 1 _aMAHMOUD, KARIM
245 1 0 _aFEMALE GENITAL MUTILATION CIRCUMCISION HISTORICAL, SOCIAL RELIGIOUS, SEXUAL AND LEGAL ASPECTS /
_cMAHMOUD, KARIM
260 _a[S.N] :
_bMAHMOUD KARIM ،
_c1998
300 _a227 P
650 0 4 _aHISTORICAL BACKGROUND
650 0 4 _aMUTILATION
650 0 4 _aSOCIAL BEHAVIOUR
650 0 4 _aMEDICAL VIEW
650 0 4 _aCIRCUMCISION
650 0 4 _aCIRCUMCISION - RELIGIOUS ASPECTS
650 0 4 _aCIRCUMCISION - HISTORY
942 _2ddc
_cBK
999 _c16111
_d16111